000
00270pam a2200121 a 4500
020
_c
041
_a
eng
100
_a
C.M.Vaughan.
245
_a
Words From Poets
_h
Textual Documents
260
_a
New Delhi
_b
Macmillan India Ltd
_c
1911
300
_a
316p.
930
_a
16328
999
_c
93228
_d
93228